Introduction a: L’imaginaire et a la mythocritique Des mythes de soundjata,, Chaka, Shango, Gueido
Gardado en:
| Autor Principal: | |
|---|---|
| Formato: | Libro |
| Idioma: | inglés |
| Publicado: |
Upper Standard Publishers,
2016.
|
| Tags: |
Engadir etiqueta
Sen Etiquetas, Sexa o primeiro en etiquetar este rexistro!
|
MARC
| LEADER | 00000nam a22000007a 4500 | ||
|---|---|---|---|
| 008 | 210427b ||||| |||| 00| 0 eng d | ||
| 020 | |a 978-978-955-287-0 | ||
| 100 | |a TIMOTHY-ASOBELE, S. J. | ||
| 245 | |a Introduction a: |b L’imaginaire et a la mythocritique Des mythes de soundjata,, Chaka, Shango, Gueido |c S.J. Timothy-Asobele. |g 373p. | ||
| 260 | |b Upper Standard Publishers, |c 2016. |h Lagos: |i 691023 |i 691024 |l PR9387.9 .T48 |m French Language – Texts. | ||
| 500 | |a “It includes references”. | ||
| 942 | |a lcc |c BK |e Adeniran F. A |f 27/04/2021 | ||
| 952 | |0 0 |1 0 |2 lcc |4 0 |7 0 |9 2334 |a HOL |b ART |c LP |d 2021-04-27 |o PR9387.9 .T48 |p 2021-6188 |r 2021-04-27 00:00:00 |w 2021-04-27 |y BK | ||
| 952 | |0 0 |1 0 |2 lcc |4 0 |7 0 |9 2335 |a HOL |b HOL |c LP |d 2021-04-27 |o PR9387.9 .T48 |p 2021-6189 |r 2021-04-27 00:00:00 |w 2021-04-27 |y BK | ||
| 999 | |c 1204 |d 1204 | ||